000 00198 a2200097 4500
020 _a950-511-794-9
041 _aspa
100 _aSerrano, Marcela
245 _aCuentos de mujeres solas
942 _cBK
999 _c12894
_d12894